000
00141nam a22000737a 4500
082
_a
050
245
_a
FEMINA - ENGLISH - JANUARY 2021
942
_c
BK
999
_c
6326
_d
6326